000 01080pam a2200265 a 4500
999 _c328563
_d328563
001 1145850
003 Nust
005 20170412110341.0
008 951103s1996 nyu b 000 1 eng
010 _a 95049945
020 _a9780141441986
040 _aDLC
_cDLC
_dDLC
050 0 0 _aPR5772
_b.S48 1996
082 0 0 _a823.912
_bWEL
100 1 _aWells, H. G.
_q(Herbert George),
_d1866-1946.
245 1 4 _aThe country of the blind and other stories /
_cH.G. Wells ; edited with an introduction by Michael Sherborne.
260 _aNew York :
_bOxford University Press,
_c1996.
300 _axxxvii, 432 p. ;
_c19 cm.
440 4 _aThe world's classics
504 _aIncludes bibliographical references (p. xxxiii).
650 0 _aScience fiction, English.
700 1 _aSherborne, Michael.
906 _a7
_bcbc
_corignew
_d1
_eocip
_f19
_gy-gencatlg
942 _2ddc
_cBK